[Event "Bekasi Scua op 2nd"]
[Site "Bekasi"]
[Date "2022.04.17"]
[Round "8"]
[White "Marvellino, Winata"]
[Black "Endi, Gunawan"]
[Result "1/2-1/2"]
[WhiteElo "1761"]
[BlackElo "1892"]
[PlyCount "76"]
[EventDate "2022.04.13"]
[EventType "swiss"]
[EventRounds "9"]
[EventCountry "INA"]
[SourceTitle "EXT 2023"]
[Source "ChessBase"]
[SourceDate "2022.10.05"]
[SourceVersion "1"]
[SourceVersionDate "2022.10.05"]
[SourceQuality "1"]

1. e4 e5 2. Nf3 Nc6 3. Bc4 Bc5 4. c3 Nf6 5. d4 exd4 6. cxd4 Bb4+ 7. Bd2 Bxd2+ 8. Nbxd2 d5 9. exd5 Nxd5 10. Qb3 Nce7 11. 0-0 0-0 12. Rfe1 c6 13. Ne4 Qb6 14. Qa3 Ng6 15. Rad1 Bg4 16. Nc5 Rad8 17. Rd3 Nb4 18. Rd2 Nd5 19. Bd3 Nb4 20. Bc4 Bxf3 21. Qxf3 Nd5 22. a3 Qc7 23. b4 Rfe8 24. Rde2 Rxe2 25. Rxe2 Nf6 26. Rd2 Re8 27. g3 Re1+ 28. Kg2 b6 29. Nd3 Re8 30. Re2 Rxe2 31. Qxe2 Qd7 32. Ne5 Nxe5 33. dxe5 Nd5 34. Qe4 b5 35. Bxd5 cxd5 36. Qd4 g6 37. Kf3 a6 38. Ke3 Qe6 1/2-1/2